Ethics of ecology and environment (Record no. 1308304)

MARC details
000 -LEADER
fixed length control field 00935nam a2200217 4500
005 - DATE AND TIME OF LATEST TRANSACTION
control field 20250329160703.0
008 - FIXED-LENGTH DATA ELEMENTS--GENERAL INFORMATION
fixed length control field 250329b |||||||| |||| 00| 0 eng d
020 ## - INTERNATIONAL STANDARD BOOK NUMBER
International Standard Book Number 9788178800172
037 ## - SOURCE OF ACQUISITION
Terms of availability Textual
040 ## - CATALOGING SOURCE
Original cataloging agency RTL
Transcribing agency RTL
084 ## - COLON CLASSIFICATION NUMBER
Classification number U:(G:55) R0
Assigning agency RTL
100 ## - MAIN ENTRY--PERSONAL NAME
Personal name Subbarao, S.
9 (RLIN) 82400
245 ## - TITLE STATEMENT
Title Ethics of ecology and environment
260 ## - PUBLICATION, DISTRIBUTION, ETC.
Place of publication, distribution, etc. New Delhi
Name of publisher, distributor, etc. Rajat Publications
Date of publication, distribution, etc. 2001
300 ## - PHYSICAL DESCRIPTION
Extent VI, 412p.
Other physical details Includes bibliography and index
520 ## - SUMMARY, ETC.
Summary, etc. The newly emerging concept of ecology and environment has moved in to the mainstream of public life as a major national and international concern. This provides important opportunities for environmental sociologists to contribute to the understanding and solution of these problems.
650 ## - SUBJECT ADDED ENTRY--TOPICAL TERM
Topical term or geographic name entry element Environmental ethics
650 ## - SUBJECT ADDED ENTRY--TOPICAL TERM
Topical term or geographic name entry element Ecology--Moral and ethical aspects
9 (RLIN) 751638
650 ## - SUBJECT ADDED ENTRY--TOPICAL TERM
Topical term or geographic name entry element Geography
942 ## - ADDED ENTRY ELEMENTS (KOHA)
Source of classification or shelving scheme Colon Classification (CC)
Suppress in OPAC No
Koha item type Textbook
Classification part U:(G:55) R0
Holdings
Withdrawn status Lost status Source of classification or shelving scheme Damaged status Not for loan Home library Current library Date acquired Total Checkouts Full call number Barcode Date last seen Date last checked out Price effective from Koha item type
    Colon Classification (CC)     Ratan Tata Library Ratan Tata Library 2025-03-29 3 U:(G:55) R0 RT1585210 2026-04-06 2026-03-16 2025-03-29 Textbook
Copyright @ Delhi University Library System